LEADER 01364nam a2200277 i 4500 001 000000244573 003 CaOOAMICUS 005 20230626141338.0 008 150814s1746 it u000 u ita u 026 $anier m-la sii. rere (3) 1746 (R) 040 $aSeMil$bita 100 1 $aSaporiti, Giuseppe Maria,$c.$0(OLS)http://semarc/name/82440 245 10$aPastorali avvertimenti proposti al suo clero da Giuseppe Maria Saporiti arcivescovo di Genova. 260 $aIn Genova :$bNella Stamperia Lerziana,$c1746. 300 $aVIII, 236, [4] p. ;$c4°. 500 $aVignetta xilogr. (marca?) sul front. 500 $aIniz., testate e fin. xilogr. 500 $aSegn.: pg4 A-2E4 2F6 chi2 500 $aLa chi2 contiene l'Errata 650 4$aVescovi italiani - Lettere pastorali, scritti, discorsi, [etc.] - Sec. 17.-18.$0(OLS)http://semarc/subject/9348 700 1 $aLerzio, Giovanni Battista,$c.$0(OLS)http://semarc/name/82441 850 $aSeMil 852 $aSeMil$W1$xVenegono$y1$m3F IV 266 FA$j194919$B194919$CSeMilBibl$Z2$F205718 $8I 996 $6245$aPastorali avvertimenti proposti al suo clero da Giuseppe Maria Saporiti arcivescovo di Genova$9(OLS)http://semarc/title/346459 996 $6260$aIn Genova :$bNella Stamperia Lerziana$9(OLS)http://semarc/publisher/54894 LEADER 01082nam a2200253 i 4500 001 000000083146 003 CaOOAMICUS 005 20031104000000.0 008 031104s2001 it u000 u ita u 013 $a55386 020 $a88-7978-106-5 040 $aSeMil$bita 100 1 $aAmico, Beppe.$0(OLS)http://semarc/name/39158 245 10$aMadre speranza :$buna storia di Grazia e Misericordia /$cBeppe Amico. 260 $aLavis (Trento) :$bReverdito,$ccopyr. 2001. 300 $a191 p. :$bill. ;$c21 cm. 500 $aFondo : Mons. Giuseppe Molinari. 650 4$aSperanza : di Gesł (Maria Josefa Alhama Valera: del Cuor di Gesł) .$0(OLS)http://semarc/subject/4561 850 $aSeMil 852 $aSeMil$W1$xVenegono$y1$m288 3 *$j47827$B47827$CSeMilBibl$Z2$F50745 $81 961 $aLascito: Molinari don Giuseppe 996 $6020$a88-7978-106-5$9(OLS)http://semarc/number/63926 996 $6245$aMadre speranza :$buna storia di Grazia e Misericordia$9(OLS)http://semarc/title/130246 996 $6260$aLavis (Trento) :$bReverdito$9(OLS)http://semarc/publisher/38571